Statistics for Every Paula Abdul song that hit the Billboard hot 100

Click here to take the quiz!

General Stats

  • This quiz has been taken 45 times
  • The average score is 8 of 15

Answer Stats

Peak Chart PositionYearSong% Correct
11990Opposites Attract
92%
11989Forever Your Girl
89%
11989Straight Up
89%
11989Cold Hearted
86%
11991Rush Rush
86%
11991The Promise Of A New Day
69%
31989(It's Just) The Way That You Love Me
58%
411988Knocked Out
58%
161992Vibeology
56%
191992Will You Marry Me?
39%
61991Blowing Kisses In The Wind
33%
281995My Love Is For Real
28%
581995Crazy Cool
25%
622008Dance Like There's No Tomorrow
17%
872009I'm Just Here For The Music
14%

Score Distribution

Percentile by Number Answered

Percent of People with Each Score

Your Score History

You have not taken this quiz